Statistics for Life of Jesus

Click here to take the quiz!

General Stats

  • This quiz has been taken 31,447 times
  • The average score is 16 of 22

Answer Stats

HintAnswer% Correct
His motherMary
98%
His earthly fatherJoseph
95%
Jesus turned water into thisWine
92%
City which Jesus was born inBethlehem
91%
Holiday that celebrates his resurrectionEaster
89%
Apostle who betrayed Jesus for 30 pieces of silverJudas Iscariot
87%
Profession of the aboveCarpenter
85%
Person who baptized JesusJohn the Baptist
84%
The name for his final meal with his apostles which was famously
painted by Leonardo da Vinci.
The Last Supper
83%
City in which he was raisedNazareth
82%
What Jesus's crown was made ofThorns
81%
Roman leader who reluctantly sentenced Jesus to deathPontius Pilate
69%
This Judean king tried to kill the baby JesusHerod
67%
Sermon where he said "blessed are the meek"Sermon on the {Mount}
64%
Four of the twelve apostles were of this professionFishermen
63%
He raised this person from the deadLazarus (and two others)
63%
Apostle who doubted his resurrectionThomas
59%
Jesus saw the Holy Spirit in the form of this animalDove
54%
Holiday which celebrates Jesus's arrival in Jerusalem riding a donkeyPalm Sunday
52%
Jesus most likely spoke this languageAramaic
49%
Hill he was crucified onCalvary
47%
Jesus threw this group of people out of the templeMoneychangers (and merchants)
42%

Score Distribution

Percentile by Number Answered

Percent of People with Each Score

Your Score History

You have not taken this quiz